000
00365nam a2200133Ia 4500
003
GCL
008
140319s9999 xx 000 0 ara d
040
_a
GCL /
_c
GCL
082
0
4
_a
811.4
_b
ح ش
245
1
0
_a
الشعراء الصعاليك فى العصر العباسى الاول
260
_a
[S.N] :
_b
دار الجيل ،
_c
1988
300
_a
178 ص
490
_a
999
_c
28780
_d
28780